[Event "Vaujany op 10th"]
[Site "Vaujany"]
[Date "2019.07.14"]
[Round "4"]
[White "Najart, David"]
[Black "Neelotpal, Das"]
[Result "0-1"]
[WhiteElo "2280"]
[BlackElo "2406"]
[PlyCount "50"]
[EventDate "2019.07.11"]
[EventType "swiss"]
[EventRounds "9"]
[EventCountry "FRA"]
[SourceTitle "EXT 2020"]
[Source "ChessBase"]
[SourceDate "2019.10.17"]
[SourceVersion "1"]
[SourceVersionDate "2019.10.17"]
[SourceQuality "1"]

1. c4 e5 2. g3 Nf6 3. Bg2 c6 4. Nf3 e4 5. Nd4 d5 6. cxd5 Qxd5 7. e3 Bc5 8. Nc3 Qe5 9. f4 Qe7 10. Nde2 Bf5 11. h3 h5 12. a3 a5 13. Qc2 Nbd7 14. g4 hxg4 15. Ng3 g6 16. Nxf5 gxf5 17. d3 gxh3 18. Rxh3 0-0-0 19. Bd2 Ng4 20. 0-0-0 exd3 21. Qxd3 Nf2 22. Qxf5 Nxh3 23. Bxh3 Kb8 24. Kc2 Nf6 25. e4 Rh5 0-1

[Event "Menton op 17th"]
[Site "Menton"]
[Date "2018.10.25"]
[Round "7"]
[White "Najart, David"]
[Black "Degraeve, Remy"]
[Result "0-1"]
[WhiteElo "2261"]
[BlackElo "2364"]
[PlyCount "96"]
[EventDate "2018.10.21"]
[EventType "swiss"]
[EventRounds "9"]
[EventCountry "FRA"]
[SourceTitle "CBM 187 Extra"]
[Source "ChessBase"]
[SourceDate "2018.11.04"]
[SourceVersion "1"]
[SourceVersionDate "2018.11.04"]
[SourceQuality "1"]

1. c4 e5 2. g3 Nf6 3. Bg2 c6 4. Nf3 e4 5. Nd4 d5 6. cxd5 Qxd5 7. Nc2 Qh5 8. Nc3 Bh3 9. 0-0 Ng4 10. f3 Bc5+ 11. e3 Bxg2 12. fxg4 Qh3 13. Rf5 Bf3 14. Qf1 Qxf1+ 15. Kxf1 Bd6 16. Nd4 Bxg4 17. Nxe4 Bc7 18. Rf2 Nd7 19. Nf5 0-0 20. d4 Rae8 21. Nc3 Bxf5 22. Rxf5 g6 23. Rf2 f5 24. Bd2 Nf6 25. Kg2 Re6 26. Re2 Rfe8 27. Rae1 b5 28. Kf3 Bb6 29. a3 Kf7 30. h3 h5 31. Bc1 g5 32. Kg2 Kg6 33. Bd2 a5 34. Kf1 Bc7 35. Kg2 g4 36. hxg4 hxg4 37. Rf2 b4 38. axb4 axb4 39. Na4 Bd6 40. Bc1 Ne4 41. Rc2 Nxg3 42. Rxc6 f4 43. Nc5 f3+ 44. Kg1 Bxc5 45. Rxe6+ Rxe6 46. dxc5 Ne4 47. Rd1 Rf6 48. b3 Nc3 0-1

[Event "Avoine op 33rd"]
[Site "Avoine"]
[Date "2018.07.27"]
[Round "7"]
[White "Najart, David"]
[Black "Cau, Benjamin"]
[Result "1-0"]
[WhiteElo "2230"]
[BlackElo "2093"]
[PlyCount "91"]
[EventDate "2018.07.21"]
[EventType "swiss"]
[EventRounds "9"]
[EventCountry "FRA"]
[SourceTitle "CBM 185 Extra"]
[Source "ChessBase"]
[SourceDate "2018.07.29"]
[SourceVersion "1"]
[SourceVersionDate "2018.07.29"]
[SourceQuality "1"]

1. c4 c6 2. g3 d5 3. Nf3 Nf6 4. Bg2 g6 5. Qa4 dxc4 6. Qxc4 Be6 7. Qh4 c5 8. Nc3 Nc6 9. Ng5 Bd7 10. Qc4 e6 11. 0-0 Na5 12. Qf4 Bc6 13. Nce4 Bxe4 14. Nxe4 Nxe4 15. Qxe4 Qd4 16. d3 Bg7 17. Be3 Qxe4 18. Bxe4 Rc8 19. Rac1 Bxb2 20. Rb1 Be5 21. Bxb7 Nxb7 22. Rxb7 a6 23. Rc1 0-0 24. Rxc5 Rxc5 25. Bxc5 Rc8 26. d4 Bg7 27. Ra7 e5 28. e3 exd4 29. exd4 Rd8 30. Rxa6 Bxd4 31. Rd6 Rxd6 32. Bxd6 f5 33. a4 Kf7 34. a5 Ke6 35. Bf4 Kd5 36. Be3 Bf6 37. a6 Kc6 38. Kf1 g5 39. f4 g4 40. Ke2 h5 41. Kd3 h4 42. Kc4 h3 43. a7 Kb7 44. Kd5 Bc3 45. Bf2 Ka8 46. Ke6 1-0

[Event "Riga Tech op 7th"]
[Site "Riga"]
[Date "2017.08.07"]
[Round "1"]
[White "Najart, David"]
[Black "Kotsur, Pavel"]
[Result "1/2-1/2"]
[WhiteElo "2213"]
[BlackElo "2558"]
[PlyCount "35"]
[EventDate "2017.08.07"]
[EventType "swiss"]
[EventRounds "9"]
[EventCountry "LAT"]
[SourceTitle "CBM 179 Extra"]
[Source "ChessBase"]
[SourceDate "2017.08.23"]
[SourceVersion "1"]
[SourceVersionDate "2017.08.23"]
[SourceQuality "1"]

1. c4 e6 2. g3 d5 3. Bg2 Nf6 4. Nf3 dxc4 5. Qa4+ Nbd7 6. Qxc4 c5 7. 0-0 a6 8. Qb3 Bd6 9. Nc3 0-0 10. d4 Qc7 11. Rd1 b5 12. e4 cxd4 13. Nxd4 Nc5 14. Qc2 Rb8 15. Nc6 Rb6 16. e5 Rxc6 17. Bxc6 Bxe5 18. Bg2 1/2-1/2

[Event "Avoine op 32nd"]
[Site "Avoine"]
[Date "2017.07.22"]
[Round "3"]
[White "Bourdeaud'Huy, Thomas"]
[Black "Najart, David"]
[Result "0-1"]
[WhiteElo "1964"]
[BlackElo "2193"]
[PlyCount "108"]
[EventDate "2017.07.22"]
[EventType "swiss"]
[EventRounds "9"]
[EventCountry "FRA"]
[SourceTitle "CBM 179 Extra"]
[Source "ChessBase"]
[SourceDate "2017.08.23"]
[SourceVersion "1"]
[SourceVersionDate "2017.08.23"]
[SourceQuality "1"]

1. d4 Nf6 2. Nf3 g6 3. Bf4 Bg7 4. e3 0-0 5. c3 d6 6. h3 Nbd7 7. Be2 c5 8. Nbd2 b6 9. 0-0 Bb7 10. Qa4 a6 11. Rfd1 Ra7 12. Ne1 b5 13. Bxb5 Nb6 14. Qa5 cxd4 15. cxd4 Nbd5 16. Qxd8 Rxd8 17. Bc4 Nxf4 18. exf4 Nh5 19. Nb3 Nxf4 20. Na5 Ba8 21. Rac1 Kf8 22. Bf1 Ne6 23. d5 Nc7 24. Nc6 Bxc6 25. dxc6 Bxb2 26. Rb1 Bf6 27. Rb6 d5 28. Nc2 e6 29. Rdb1 Be5 30. Nb4 Rda8 31. Rb7 Ke8 32. a4 Bd6 33. a5 Kd8 34. Na2 Ne8 35. Nc3 Bc7 36. Rxa7 Rxa7 37. Rb7 Ra8 38. Na4 Nd6 39. Nb6 Nxb7 40. Nxa8 Nxa5 41. Nxc7 Kxc7 42. Bxa6 Nxc6 43. Bb5 Kb6 44. Ba4 Kc5 45. Kf1 e5 46. f3 f5 47. h4 f4 48. Kf2 Nd4 49. g4 e4 50. fxe4 dxe4 51. Be8 e3+ 52. Kf1 Kd5 53. g5 Nf5 54. h5 Ng3+ 0-1

[Event "Marianske Lazne op 14th"]
[Site "Marianske Lazne"]
[Date "2015.01.23"]
[Round "8"]
[White "Najart, David"]
[Black "Dolezal, Rudolf"]
[Result "1-0"]
[WhiteElo "2154"]
[BlackElo "1777"]
[PlyCount "67"]
[EventDate "2015.01.17"]
[EventType "swiss"]
[EventRounds "9"]
[EventCountry "CZE"]
[SourceTitle "CBM 164 Extra"]
[Source "ChessBase"]
[SourceDate "2015.03.02"]
[SourceVersion "1"]
[SourceVersionDate "2015.03.02"]
[SourceQuality "1"]

1. g3 g6 2. Bg2 Bg7 3. c4 c5 4. Nf3 Nf6 5. 0-0 0-0 6. d4 cxd4 7. Nxd4 Nc6 8. Nc3 a6 9. c5 e6 10. Nb3 b5 11. cxb6 Qxb6 12. Be3 Qc7 13. Bc5 Re8 14. Bd6 Qd8 15. Rc1 Bf8 16. Bxf8 Kxf8 17. e4 Bb7 18. e5 Ng8 19. Nc5 Bc8 20. N3e4 Kg7 21. Nd6 Rf8 22. Nxc8 Rxc8 23. Nxd7 Nce7 24. Nxf8 Qxf8 25. Rxc8 Qxc8 26. Qd2 Nh6 27. Rc1 Qb8 28. Qe2 Nef5 29. Rd1 Qb4 30. a3 Qa4 31. h3 Qb3 32. Qf3 Qxb2 33. g4 Nd4 34. Qf6+ 1-0

[Event "Marianske Lazne op 14th"]
[Site "Marianske Lazne"]
[Date "2015.01.21"]
[Round "6"]
[White "Najart, David"]
[Black "Horyna, Josef"]
[Result "1-0"]
[WhiteElo "2154"]
[BlackElo "1866"]
[PlyCount "103"]
[EventDate "2015.01.17"]
[EventType "swiss"]
[EventRounds "9"]
[EventCountry "CZE"]
[SourceTitle "CBM 164 Extra"]
[Source "ChessBase"]
[SourceDate "2015.03.02"]
[SourceVersion "1"]
[SourceVersionDate "2015.03.02"]
[SourceQuality "1"]

1. d4 d5 2. c4 c6 3. Nf3 Nf6 4. e3 e6 5. b3 Bd6 6. Bb2 Nbd7 7. Bd3 0-0 8. Nbd2 Re8 9. Ne5 Nf8 10. 0-0 Qe7 11. Qc2 Bxe5 12. dxe5 N6d7 13. Rac1 f5 14. Nf3 Ng6 15. a3 Ndf8 16. g3 Bd7 17. b4 Rac8 18. Bd4 b6 19. c5 b5 20. a4 a6 21. Ra1 Ra8 22. Ra3 Rec8 23. Rfa1 Qd8 24. Qa2 Rab8 25. axb5 axb5 26. Nd2 Rc7 27. Nb3 Ne7 28. Ra6 g5 29. f4 Neg6 30. Rb6 h6 31. Qb2 Ne7 32. Raa6 Ra8 33. Qa1 Rxa6 34. Qxa6 gxf4 35. exf4 Be8 36. Na5 Qd7 37. Rb7 Rxb7 38. Nxb7 Bh5 39. Nd6 Kg7 40. Bxf5 Nxf5 41. Nxf5+ Kh7 42. Nd6 Ng6 43. Qb7 Qxb7 44. Nxb7 Ne7 45. h3 Bf7 46. Kg2 Kg6 47. g4 h5 48. Nd8 hxg4 49. hxg4 Bg8 50. Kf3 Bf7 51. Bf2 Kg7 52. Bh4 1-0

[Event "Marianske Lazne op 14th"]
[Site "Marianske Lazne"]
[Date "2015.01.20"]
[Round "5"]
[White "Jennewein, Norbert"]
[Black "Najart, David"]
[Result "1-0"]
[WhiteElo "1851"]
[BlackElo "2154"]
[PlyCount "107"]
[EventDate "2015.01.17"]
[EventType "swiss"]
[EventRounds "9"]
[EventCountry "CZE"]
[SourceTitle "CBM 164 Extra"]
[Source "ChessBase"]
[SourceDate "2015.03.02"]
[SourceVersion "1"]
[SourceVersionDate "2015.03.02"]
[SourceQuality "1"]

1. d4 Nf6 2. Nf3 b6 3. Bf4 Bb7 4. c3 g6 5. h3 Bg7 6. e3 0-0 7. Nbd2 d6 8. Be2 Nbd7 9. 0-0 e6 10. Bh2 Qe7 11. c4 e5 12. Rc1 h6 13. d5 c6 14. dxc6 Bxc6 15. Nb1 Rfc8 16. b3 Rc7 17. Nc3 Rac8 18. Qd2 Nc5 19. Rcd1 Nfe4 20. Nxe4 Nxe4 21. Qb4 Rb7 22. Rc1 Rcb8 23. Rfd1 Bf8 24. Qe1 a5 25. Nd2 Nc5 26. Nb1 Qg5 27. Qf1 Ne4 28. Nc3 Nxc3 29. Rxc3 b5 30. cxb5 Bxb5 31. Bxb5 Rxb5 32. e4 Rb4 33. Rc4 Qe7 34. Rdc1 Qe6 35. Qd3 g5 36. f3 a4 37. Rxb4 Rxb4 38. Rc4 Rxc4 39. Qxc4 Qxc4 40. bxc4 Be7 41. Kf1 Kf8 42. Ke2 Ke8 43. Kd3 Bd8 44. Bg1 Kd7 45. c5 dxc5 46. Bxc5 Kc6 47. Kc4 Ba5 48. g4 Bd2 49. Bf8 Be3 50. Bxh6 Bf4 51. Bf8 Bd2 52. Be7 Kd7 53. Bb4 Be3 54. Kb5 1-0

[Event "Plancoet op 11th"]
[Site "Plancoet"]
[Date "2014.07.31"]
[Round "6"]
[White "Najart, David"]
[Black "Rjabzev, Konstantin"]
[Result "1/2-1/2"]
[WhiteElo "2150"]
[BlackElo "2308"]
[PlyCount "123"]
[EventDate "2014.07.27"]
[EventType "swiss"]
[EventRounds "9"]
[EventCountry "FRA"]
[SourceTitle "CBM 161 Extra"]
[Source "ChessBase"]
[SourceDate "2014.08.29"]
[SourceVersion "1"]
[SourceVersionDate "2014.08.29"]
[SourceQuality "1"]

1. c4 d6 2. g3 g6 3. Bg2 e5 4. Nc3 Bg7 5. e3 Nc6 6. Nge2 h5 7. d4 h4 8. b4 h3 9. Bf3 Qf6 10. Be4 Bf5 11. Nd5 Qd8 12. Bxf5 gxf5 13. Bb2 Nce7 14. Nxe7 Qxe7 15. 0-0 Nf6 16. Qc2 Qe6 17. Rad1 0-0-0 18. Nc1 f4 19. exf4 exf4 20. Rde1 Qd7 21. Nd3 fxg3 22. fxg3 Ng4 23. d5 Rdg8 24. Bxg7 Rxg7 25. Qb2 Rhg8 26. Qd4 Kb8 27. Re2 b6 28. c5 dxc5 29. bxc5 Rg5 30. Nf4 Re8 31. Rfe1 Rxe2 32. Rxe2 Qb5 33. Rb2 Qe8 34. Re2 Qb5 35. Rb2 Qe8 36. Re2 Re5 37. Rxe5 Nxe5 38. Qe3 Qh8 39. cxb6 Ng4 40. bxc7+ Kc8 41. Qe1 Qd4+ 42. Kf1 Nxh2+ 43. Ke2 Qe4+ 44. Kd1 Qb1+ 45. Ke2 Qxa2+ 46. Kd3 Qa6+ 47. Kc2 Qa4+ 48. Kd3 Qb5+ 49. Kc2 Qc5+ 50. Kd3 Kxc7 51. Qe5+ Qd6 52. Qxd6+ Kxd6 53. Kc4 Nf1 54. Nxh3 Nxg3 55. Nf4 Ne4 56. Kd4 Nf6 57. Kc4 a6 58. Kd4 a5 59. Nd3 Nxd5 60. Ne5 a4 61. Nxf7+ Kc6 62. Kc4 1/2-1/2

[Event "Plancoet op-A 10th"]
[Site "Plancoet"]
[Date "2013.08.01"]
[Round "6"]
[White "Miron, Lucian Costin"]
[Black "Najart, David"]
[Result "1-0"]
[WhiteElo "2544"]
[BlackElo "2156"]
[PlyCount "105"]
[EventDate "2013.07.28"]
[EventType "swiss"]
[EventRounds "9"]
[EventCountry "FRA"]
[SourceTitle "EXT 2017"]
[Source "ChessBase"]
[SourceDate "2016.10.25"]
[SourceVersion "1"]
[SourceVersionDate "2016.10.25"]
[SourceQuality "1"]

1. d4 Nf6 2. g3 d5 3. Nf3 Bf5 4. Bg2 e6 5. 0-0 Be7 6. b3 0-0 7. Nh4 Be4 8. f3 Bg6 9. Nxg6 hxg6 10. Bb2 c5 11. e3 Nc6 12. Kh1 b5 13. Qe2 Qb6 14. Rd1 Rfd8 15. Bf1 Rab8 16. c3 a5 17. Na3 Na7 18. Nc2 b4 19. Rac1 Nc6 20. dxc5 Bxc5 21. Nd4 bxc3 22. Bxc3 Nxd4 23. exd4 Ba3 24. Rc2 Rdc8 25. Qd2 Ra8 26. Bxa5 Rxc2 27. Bxb6 Rxd2 28. Rxd2 Nd7 29. Bc7 Rc8 30. Ba5 Rb8 31. Rc2 Kf8 32. Bc7 Rb7 33. Ba6 Ra7 34. Bb5 Ke7 35. Kg2 Rb7 36. Be2 Nb8 37. Be5 f6 38. Rc7+ Rxc7 39. Bxc7 Nc6 40. Bb6 Bb2 41. Bc5+ Kf7 42. Bb5 Nxd4 43. Bd7 e5 44. Kf2 Ne6 45. Bd6 Bd4+ 46. Ke2 Bg1 47. b4 Nd4+ 48. Kd1 Nxf3 49. a4 e4 50. a5 Ne5 51. Bb5 Ke6 52. Bc5 Bxc5 53. bxc5 1-0

[Event "FRA-ch op-A"]
[Site "Caen"]
[Date "2011.08.18"]
[Round "3"]
[White "Bordet, Matthieu"]
[Black "Najart, David"]
[Result "1-0"]
[WhiteElo "2127"]
[BlackElo "2024"]
[PlyCount "69"]
[EventDate "2011.08.16"]
[EventType "swiss"]
[EventRounds "11"]
[EventCountry "FRA"]
[SourceTitle "CBM 144 Extra"]
[Source "ChessBase"]
[SourceDate "2011.10.28"]
[SourceVersion "1"]
[SourceVersionDate "2011.10.28"]
[SourceQuality "1"]

1. d4 d5 2. c4 c6 3. Nf3 Nf6 4. Nc3 e6 5. Bg5 dxc4 6. e4 b5 7. e5 h6 8. Bh4 g5 9. exf6 gxh4 10. Ne5 Qxf6 11. Be2 Nd7 12. Nxc6 Bb7 13. Bf3 a6 14. 0-0 Rc8 15. Ne5 Bxf3 16. Nxf3 Rg8 17. Qe2 Qf4 18. Rae1 Bd6 19. Nd5 Qg4 20. Ne3 Qh5 21. Kh1 Kf8 22. Qd2 h3 23. g4 Qg6 24. Ng1 Bf4 25. f3 h5 26. Nxh3 Bxe3 27. Qxe3 hxg4 28. Nf4 Qg5 29. fxg4 Ke7 30. Qa3+ Kd8 31. Rxe6 Qxg4 32. Qa5+ Rc7 33. Rc6 Nb6 34. Qxb6 Qd7 35. Rd6 1-0

[Event "FRA-ch U20"]
[Site "Montlucon"]
[Date "2011.04.19"]
[Round "4"]
[White "Chandesris, Ludovic"]
[Black "Najart, David"]
[Result "1-0"]
[WhiteElo "2121"]
[BlackElo "2008"]
[PlyCount "147"]
[EventDate "2011.04.17"]
[EventType "swiss"]
[EventRounds "9"]
[EventCountry "FRA"]
[SourceTitle "CBM 142 Extra"]
[Source "ChessBase"]
[SourceDate "2011.06.27"]
[SourceVersion "1"]
[SourceVersionDate "2011.06.27"]
[SourceQuality "1"]

1. e4 c5 2. Nf3 d6 3. d4 cxd4 4. Nxd4 Nf6 5. Nc3 a6 6. Bg5 Nbd7 7. f4 Qc7 8. Qf3 h6 9. Bxf6 Nxf6 10. h3 e6 11. 0-0-0 b5 12. Bd3 Bb7 13. Rhe1 0-0-0 14. Qe2 Qb6 15. Nb3 b4 16. Nb1 d5 17. N1d2 dxe4 18. Nxe4 Nd5 19. g3 Be7 20. Ned2 Kb8 21. Nc4 Qc7 22. Nca5 Ka7 23. Nxb7 Qxb7 24. Be4 Bf6 25. Qc4 Rc8 26. Bxd5 exd5 27. Qxd5 Qxd5 28. Rxd5 Rc7 29. Nc5 Rhc8 30. Rd7 Kb6 31. Rxc7 Rxc7 32. Nd3 Kb5 33. Re8 a5 34. Kd2 Bd4 35. Rb8+ Kc4 36. Rd8 Bf6 37. b3+ Kb5 38. Rd5+ Kb6 39. Ne5 Bxe5 40. Rxe5 Rc3 41. Re3 Rc7 42. c3 bxc3+ 43. Rxc3 Rd7+ 44. Ke3 Kb5 45. a3 f5 46. Rd3 Re7+ 47. Kd2 Kc5 48. Re3 Rd7+ 49. Kc3 Rd1 50. Re5+ Kb6 51. Rxf5 Rg1 52. g4 Rg3+ 53. Kc4 Rxh3 54. Rb5+ Ka6 55. Re5 Rf3 56. Re6+ Kb7 57. f5 Rf4+ 58. Kb5 Rxg4 59. Kxa5 Rg5 60. Re5 g6 61. Rb5+ Kc6 62. Rb6+ Kc7 63. Rxg6 Rxf5+ 64. Ka4 h5 65. Rh6 Rf4+ 66. Ka5 h4 67. b4 Rf3 68. a4 h3 69. b5 Rb3 70. Rh7+ Kc8 71. Ka6 Ra3 72. a5 Rg3 73. b6 Rb3 74. b7+ 1-0